MARC

LEADER 00000nam0a2200000 4500
001 358399
005 20231102011105.0
035 |a (RuTPU)RU\TPU\retro\15667 
090 |a 358399 
100 |a 20200817d1973 k y0rusy50 ca 
101 0 |a rus 
102 |a RU 
105 |a a z 001zy 
200 1 |a Социально-психологические проблемы науки. Ученый и научный коллектив  |e [сборник статей]  |f Академия наук СССР, Институт истории естествознания и техники ; под ред. М. Г. Ярошевского 
210 |a Москва  |c Наука  |d 1973 
215 |a 252 с.  |c ил. 
225 1 |a Науковедение: проблемы и исследования 
320 |a Библиогр. в конце ст. 
606 1 |a Научно-исследовательская работа  |x Организация  |2 stltpush  |3 (RuTPU)RU\TPU\subj\45141  |9 64403 
606 1 |a Научное творчество  |x Психология  |2 stltpush  |3 (RuTPU)RU\TPU\subj\45136  |9 64398 
610 1 |a наука 
610 1 |a ученые 
610 1 |a научные коллективы 
610 1 |a социально-психологические проблемы 
610 1 |a малые группы 
610 1 |a научные школы 
610 1 |a методики 
686 |a Ч215.1  |v LBC/SL-A  |2 rubbk 
686 |a Ю945  |v LBC/SL-A  |2 rubbk 
702 1 |a Ярошевский  |b М. Г.  |4 340 
712 0 2 |a Академия наук СССР  |b Институт истории естествознания и техники  |c (Москва)  |c (1953- )  |2 stltpush  |3 (RuTPU)RU\TPU\col\8662  |9 24561 
801 1 |a RU  |b 63413507  |c 20200817 
801 2 |a RU  |b 63413507  |c 20210419  |g RCR 
942 |c BK